000 00684 a2200181 4500
999 _c1085
_d1085
020 _a9781107336711
050 _aGN21. BAN 2014
100 _a Bank Andrew
_eeditor
245 _aInside African anthropology :
_bMonica Wilson and her interpreters /
_cedited by Andrew Bank, Leslie J. Bank.
264 _aLondon :
_bInternational African Institute ;
_c2013.
300 _a1 online resource (xv, 354 pages
_b illustrations.
440 _aInternational African library.
500 _alncludes index
650 _aEthnologists -- South Africa -- Biography.
650 _aWomen ethnologists -- South Africa -- Biography.
700 _aLeslie J. Bank.
942 _2lcc
_cBK
_h21
_iBAN
_kGN